| 000 | 01334nam0a22002651 4500 | ||
|---|---|---|---|
| 001 | rc\3024096 | ||
| 005 | 20250806201453.0 | ||
| 035 | _a(NLR Aleph) 007165824 | ||
| 090 |
_a24551 _c24551 |
||
| 100 | _a20110929d1945 u y0rusy50 ca | ||
| 101 | 0 | _arus | |
| 102 | _aRU | ||
| 105 | _ay z ||||| | ||
| 200 | 1 | _aСообщение Чрезвычайной государственной комиссии по установлению и расследованию злодеяний немецко-фашистских захватчиков и их сообщников о чудовищных преступлениях германского правительства в Освенциме | |
| 210 |
_aУльяновск _cБ. и. _d1945 _gтип. изд-ва "Ульянов. правда" |
||
| 215 |
_a24 с. _d19 см |
||
| 300 | _aБез обл. | ||
| 710 | 0 | 1 |
_aСССР _bЧрезвычайная государственная комиссия по установлению и расследованию злодеяний немецко-фашистских захватчиков _3RU\NLR\AUTH\8810047176 |
| 801 | 0 |
_aRU _bNLR _gpsbo |
|
| 801 | 1 |
_aRU _bELAR _2rusmarc |
|
| 852 |
_aNLR _jИ30 Г-4/12 |
||
| 942 | _cBOOK | ||
| 945 | _aРоссийская национальная библиотека | ||
| 980 | _aNB | ||
| 980 | _aBV | ||